000 00755nam a2200229Ii 4500
003 JO-AjNU
008 230605s9999||||xx |||||||||||||| ||und||
017 _a2011/6/2182
020 _a978-9957-70-491-9
040 _aJO-AjNU
_bara
_erda
_cJO-AjNU
041 _aara
050 1 4 _aPJ7507 2012
100 3 _aبوخالفة، فتحي,
_eauthor
_943331
245 0 0 _aلغة النقد الأدبي الحديث
250 _aط1
264 3 1 _aاربد: عالم الكتب الحديث للنشروالتوزيع، 2012
300 _a380ص
336 _atext
_btxt
_2rdacontent
337 _aunmediated
_bn
_2rdamedia
338 _avolume
_bnc
_2rdacarrier
650 4 _aلغة النقد الأدبي الحديث-لغة النقد-النقد
_943332
999 _aA18621
_c22189
_d22189